000 00547nam a2200205Ia 4500
003 GCL
008 140319s9999 xx 000 0 ara d
040 _aGCL /
_cGCL
082 0 4 _a575.1
_bش م
100 1 _aشمدت، جولد
245 1 0 _aماهى الوراثة /
_cشمدت، جولد
700 1 _aجعفر الملاح
490 _aالالف كتاب
_v0
650 0 4 _aالاجنة
650 0 4 _aالوراثة
650 0 4 _aالخلايا
650 0 4 _aقانون مندل
650 0 4 _aالاجنة، علم
942 _2ddc
_cBK
999 _c43201
_d43201